Music Quiz

Random Music or Bands Quiz
Score 0/5 Timer 03:00
0 Plays Today
Date of death Musician % Correct
c. April 5, 1994Kurt Cobain
97.7%
September 18, 1970Jimi Hendrix
95.4%
July 3, 1971Jim Morrison
94.8%
October 4, 1970Janis Joplin
85.6%
July 3, 1969Brian Jones
61.5%
Remove Ads.
Support Sporcle.
Get the best of Sporcle when you Go Orange. This ad-free experience offers more features, more stats, and more fun while also helping to support Sporcle. Thank you for becoming a member.

You're not logged in!

Compare scores with friends on all Sporcle quizzes.
OR
Log In

Show Comments

Extras

Top Quizzes Today


Score Distribution

Your Account Isn't Verified!

In order to create a playlist on Sporcle, you need to verify the email address you used during registration. Go to your Sporcle Settings to finish the process.

Report this User

Report this user for behavior that violates our Community Guidelines.

Details: